Aplikácia 8D reportu pri riešení zákazníckej reklamácie

Gespeichert in:
Bibliographische Detailangaben
1. Verfasser: Čmelová, Petra (Verfasst von)
Weitere Verfasser: Mĺkva, Miroslava (Betreuung Doktorarbeit)
Format: Manuskript Buch
Sprache:Slowakisch
Veröffentlicht: 2022
Schlagworte:
Online-Zugang:http://is.stuba.sk/zp/portal_zp.pl?podrobnosti=170184
Tags: Tag hinzufügen
Keine Tags, Fügen Sie das erste Tag hinzu!

MARC

LEADER 00000ntm a22000003a 4500
001 stuzp88688
003 SK-STU
005 20220702211216.0
007 ta
008 150427s2015----xo-----f-mn---000-0-slo-d
040 |a STU  |b slo 
041 0 |a slo 
100 1 |a Čmelová, Petra  |u 064000  |4 aut  |U MTF Materiálovotechnologická fakulta  |T MTF Ústav priemyselného inžinierstva a manažmentu  |X 103327  |U M4000  |Y 84  |7 103327 
242 0 1 |a Application of the 8D report to resolve customer complaints  |y eng 
245 1 0 |a Aplikácia 8D reportu pri riešení zákazníckej reklamácie 
260 |c 2022 
650 4 |a reklamácia  |2 slo 
650 4 |a 8D report  |2 slo 
650 4 |a 5xprečo  |2 slo 
650 4 |a claim  |2 eng 
650 4 |a 8D report  |2 eng 
650 4 |a 5xwhy  |2 eng 
700 1 |a Mĺkva, Miroslava  |u 064000  |k Z1  |4 ths  |U MTF Materiálovotechnologická fakulta  |T MTF Ústav priemyselného inžinierstva a manažmentu  |X 4176  |U M4000  |Y 84  |7 A000004176 
856 4 |u http://is.stuba.sk/zp/portal_zp.pl?podrobnosti=170184 
996 |c M* BP-9307  |l MMSKP  |s P  |a 0  |w stuzp88688_0001